El Ojo Visitado/ (Record no. 4308)

MARC details
000 -LEADER
campo de control de longitud fija 00905nam a22002297a 4500
003 - IDENTIFICADOR DE NÚMERO DE CONTROL
campo de control OSt
005 - FECHA Y HORA DE LA ÚLTIMA TRANSACCIÓN
campo de control 20230914093628.0
008 - DATOS DE LONGITUD FIJA--INFORMACIÓN GENERAL
campo de control de longitud fija 221006b |||||||| |||| 00| 0 eng d
040 ## - FUENTE DE CATALOGACIÓN
Centro/agencia transcriptor Biblioteca Lado V
082 ## - NÚMERO DE LA CLASIFICACIÓN DECIMAL DEWEY
Número de clasificación 731
Número de ítem F181o
100 ## - ENTRADA PRINCIPAL--NOMBRE DE PERSONA
9 (RLIN) 1046
Nombre de persona Falcó, Raúl
Término indicativo de función/relación textos
245 ## - MENCIÓN DEL TÍTULO
Título El Ojo Visitado/
260 ## - PUBLICACIÓN, DISTRIBUCIÓN, ETC.
Nombre del editor, distribuidor, etc. Instituto Nacional de Bellas Artes
Fecha de publicación, distribución, etc. 1984
Lugar de publicación, distribución, etc. México
300 ## - DESCRIPCIÓN FÍSICA
Dimensiones 19x19cm
Extensión 42p.
Otras características físicas hojas separadas
366 ## - INFORMACIÓN SOBRE DISPONIBILIDAD COMERCIAL
Nota spa
505 ## - NOTA DE CONTENIDO CON FORMATO
Nota de contenido con formato Esfinje<br/><br/>Eduarda y Tatiana<br/><br/>El ángel caído<br/><br/>Mi querida Frida<br/><br/>Júntense pa´la foto<br/><br/>Rayito de luna<br/><br/>My dear Liberty<br/><br/>Historia del Ojo
Título Ensamblajes
650 ## - PUNTO DE ACCESO ADICIONAL DE MATERIA--TÉRMINO DE MATERIA
Fuente del encabezamiento o término Tesauro de Arte & Arquitectura
Término de materia o nombre geográfico como elemento de entrada ARTE
9 (RLIN) 703
650 ## - PUNTO DE ACCESO ADICIONAL DE MATERIA--TÉRMINO DE MATERIA
Fuente del encabezamiento o término Tesauro de Arte & Arquitectura
Término de materia o nombre geográfico como elemento de entrada EXHIBICION
9 (RLIN) 702
650 ## - PUNTO DE ACCESO ADICIONAL DE MATERIA--TÉRMINO DE MATERIA
Fuente del encabezamiento o término Tesauro de Arte & Arquitectura
Término de materia o nombre geográfico como elemento de entrada ESCULTURA
9 (RLIN) 702
700 ## - ENTRADA AGREGADA--NOMBRE PERSONAL
Nombre de persona Hernández, Enrique
Término indicativo de función/relación ensambles
9 (RLIN) 609
942 ## - ELEMENTOS DE ENTRADA SECUNDARIOS (KOHA)
Fuente del sistema de clasificación o colocación Clasificación Decimal Dewey
Tipo de ítem Koha Libros
Parte de la signatura que corresponde a la clasificación (Parte de la clasificación) 731
Parte de la signatura que identifica el ejemplar (Parte del ítem) F181o
Suprimir en OPAC No
Holdings
Estatus retirado Estado de pérdida Fuente del sistema de clasificación o colocación Especificación de materiales (volumen encuadernado u otra parte) Estado de daño No para préstamo Biblioteca de origen Biblioteca actual Fecha de adquisición Número de inventario Total de préstamos Signatura topográfica completa Código de barras Visto por última vez Precio de reemplazo Tipo de ítem Koha
    Clasificación Decimal Dewey 1984     Biblioteca LadoV Biblioteca LadoV 14/09/2023 002637   731 F181o 002637 14/09/2023 14/09/2023 Libros